Normal view
MARC view
- العجمي، محمد حسنين مؤلف/الشخيبي،علي السيد م.مشارك/عبد الرحمن،أماني أحمد م.مشارك/الشر،سعدية يوسف م.مشارك
Entry Personal Name
001 - CONTROL NUMBER
- control field: 42573
003 - CONTROL NUMBER IDENTIFIER
- control field: JO-AjAnu
005 - DATE AND TIME OF LATEST TRANSACTION
- control field: 20230606081049.0
008 - FIXED-LENGTH DATA ELEMENTS
- fixed length control field: 230606|| aca||aabn | a|a d
040 ## - CATALOGING SOURCE
- Original cataloging agency: JO-AjAnu
- Transcribing agency: JO-AjAnu
100 ## - HEADING--PERSONAL NAME
- Personal name: العجمي، محمد حسنين مؤلف/الشخيبي،علي السيد م.مشارك/عبد الرحمن،أماني أحمد م.مشارك/الشر،سعدية يوسف م.مشارك
670 ## - SOURCE DATA FOUND
- Source citation: Work cat.: (JO-AjAnu)21807: العجمي، محمد حسنين مؤلف/الشخيبي،علي السيد م.مشارك/عبد الرحمن،أماني أحمد م.مشارك/الشر،سعدية يوسف م.مشارك, author, في إجتماعيات التربية المعاصرة